000 00589nam a2200241Ia 4500
003 OSt
005 20230503151014.0
008 210423s2010 xx 000 0 und d
020 _a8180545979
040 _cAL
041 _aeng
082 _a346.07 KAPN
_223
100 _aKAPOOR (N D)
_984444
245 _aElements of mercantile law
250 _a31
260 _aNew Delhi
_bSultan Chand & Sons
_c2010
300 _aix,328
_bPB
365 _b365
_cINR
650 _aCommercial Law
_984445
650 _aLaw
_984446
906 _aElements ; law ; mercantile
942 _2ddc
_cBK
999 _c158974
_d158974